000 00687nam a2200265Ia 4500
005 20260121170213.0
008 008 260114s9999 xx 000 0 eng d
020 _a9789811051043
037 _aEBOOK
040 _aCRL
040 _beng
040 _cCRL
041 _2eng
041 _aeng
084 _qCRL
100 _aJ.A. Mangan, Peter Horton, Tianwei Ren, Gwang Ok
_91061061
245 0 _aJapanese Imperialism: Politics and Sport in East Asia
260 _bSpringer
260 _bSpringer
260 _c2018
856 _uhttps://link.springer.com/openurl?genre=book&isbn=978-981-10-5104-3
942 _cEBOOK
999 _c1626790
_d1626790